| 000 | 01171nam a2200361Ia 4500 | ||
|---|---|---|---|
| 001 | sjds326901 | ||
| 003 | sjds | ||
| 005 | 20170424145407.0 | ||
| 008 | 060925s2006 nyua j 000 1 spa d | ||
| 020 | _a0439802946 | ||
| 020 | _a9780439802949 (pbk.) | ||
| 020 |
_a0439802946 (pbk.) _c$3.99 |
||
| 035 | _a(OCoLC)71677821 | ||
| 040 |
_aGK8 _cGK8 _dBAKER _dOCLCQ _dGK8 _dJED _dUtOrBLW |
||
| 041 | 1 |
_aspa _heng |
|
| 049 | _aIFAA | ||
| 099 | _f2006 | ||
| 999 |
_c17264 _d17264 |
||
| 999 | _bESPANOL PICTURE BOOKS SHANNON 2006 | ||
| 100 | 1 |
_aShannon, David, _d1959- _eauthor. |
|
| 240 | 1 | 0 |
_aGood boy, Fergus! _lSpanish |
| 245 | 1 | 0 |
_aMuy bien, Fergus! / _cDavid Shannon. |
| 260 |
_aNew York : _bScholastic Inc., _c2006. |
||
| 264 | 1 |
_aNew York : _bScholastic Inc., _c2006. |
|
| 300 |
_a1 volume (unpaged) : _bcolor illustrations ; _c28 cm |
||
| 336 |
_atext _btxt _2rdacontent |
||
| 337 |
_aunmediated _bn _2rdamedia |
||
| 338 |
_avolume _bnc _2rdacarrier |
||
| 500 | _a"Scholastic en espaƱol"--Cover. | ||
| 520 | _aA colorful and beautifully illustrated picture book about a dog named Fergus. | ||
| 650 | 0 |
_aDogs _vJuvenile fiction. |
|
| 650 | 7 |
_aPerros _vNovela juvenil. _2bidex |
|
| 942 | _cBK | ||